Alle Römischen Kaiser - Statistiken

Allgemein
  • Dieses Quiz wurde 525 mal gespielt
  • Das Durchschnittsergebnis liegt bei 24 aus 91
Antwortstatistiken
Herrschaft Kaiser % Korrekt
54 - 68 Nero
78%
27 v.Chr. - 14 Augustus
76%
41 - 54 Claudius
58%
37 - 41 Caligula
55%
14 - 37 Tiberius
52%
98 - 117 Trajan
52%
117 - 138 Hadrian
49%
79 - 81 Titus
48%
69 - 79 Vespasian
45%
161 - 180 Marcus Aurelius
43%
69 Otho
41%
177 - 192 Commodus
38%
68 - 69 Galba
38%
69 Vitellius
38%
235 - 238 Maximinus Thrax
37%
96 - 98 Nerva
37%
81 - 96 Domitian
36%
306 - 337 Konstantin I.
35%
138 - 161 Antoninus Pius
34%
238 Gordian I.
34%
238 Gordian II.
34%
238 - 244 Gordian III.
33%
198 - 217 Caracalla
32%
238 Pupienus
32%
337 - 340 Konstantin II.
30%
193 - 211 Septimius Severus
30%
218 - 222 Elagabal
29%
238 Balbinus
28%
284 - 305 Diokletian
28%
209 - 211 Geta
28%
161- 169 Lucius Verus
28%
193 Pertinax
28%
244 - 249 Philippus Arabs
27%
379 - 395 Theodosius I.
27%
402 - 450 Theodosius II.
27%
247 - 249 Phillippus II.
26%
475 - 476 Romulus Augustulus
26%
360 - 363 Julian
25%
222 - 235 Severus Alexander
25%
364 - 378 Valens
25%
364 - 375 Valentinian I.
25%
375 - 392 Valentinian II.
25%
193 Didius Julianus
24%
424 - 455 Valentinian III.
24%
305 - 306 Constantius I.
23%
286 - 305 Maximian
23%
253 - 260 Valerian
23%
337 - 361 Constantius II
22%
393 - 423 Honorius
22%
337 - 350 Constans I.
21%
276 Florianus
21%
423 - 425 Johannes
21%
363 - 364 Jovian
21%
193 - 194 Pescennius Niger
21%
275 - 276 Tacitus
21%
383 - 408 Arcadius
20%
270 - 275 Aurelian
20%
193 - 197 Clodius Albinus
20%
474 - 475 Julius Nepos
20%
217 - 218 Macrinus
20%
306 - 312 Maxentius
20%
270 Quintillus
20%
217 - 218 Diadumenianus
18%
457 - 461 Majorian
18%
311 - 313 Maximinus II.
18%
249 - 251 Trajan Decius
18%
253 Aemilianus
17%
421 Constantius III.
17%
253 - 268 Gallienus
17%
251 Herennius Etruscus
17%
251 Hostilian
17%
305 - 311 Galerius
16%
367 - 383 Gratian
16%
306 - 307 Severus II.
16%
251 - 253 Trebonianus Gallus
16%
251 - 253 Volusianus
16%
283 - 285 Carinus
15%
282 - 283 Carus
15%
268 - 270 Claudius Gothicus
15%
276 - 282 Probus
15%
455 - 456 Avitus
14%
308 - 324 Licinius I.
14%
450 - 457 Markian
14%
283 - 284 Numerian
14%
260 Saloninus
14%
350 Vetranio
14%
467 - 472 Anthemius
13%
473 - 474 Glycerius
13%
472 - 472 Olybrius
13%
455 Petronius Maximus
12%
461 - 465 Libius Severus
11%
Keine übereinstimmenden Quizze gefunden
Verteilung der Resultate
Anzahl Personen mit jedem Resultat
Perzentil nach korrekt beantworteten Fragen
Ihre Resultats-Entwicklung
Sie haben dieses Quiz noch nicht gespielt